[Event "GER-ch U25-B"]
[Site "Willingen"]
[Date "2023.05.29"]
[Round "3"]
[White "Kutz, Paul Matti"]
[Black "Lossin, Charlotte"]
[Result "0-1"]
[WhiteElo "1537"]
[BlackElo "1518"]
[PlyCount "74"]
[EventDate "2023.05.27"]
[EventType "swiss"]
[EventRounds "9"]
[EventCountry "GER"]
[SourceTitle "CBM 214 Extra"]
[Source "ChessBase"]
[SourceDate "2023.07.31"]
[SourceVersion "1"]
[SourceVersionDate "2023.07.31"]
[SourceQuality "1"]

1. e4 e6 2. d4 d5 3. e5 c5 4. c3 Nc6 5. Nf3 Qb6 6. a3 cxd4 7. cxd4 Bd7 8. Nc3 Nge7 9. Na4 Qc7 10. Nc5 Nf5 11. Nxd7 Qxd7 12. g4 Nfe7 13. Ng5 Rc8 14. Be3 h6 15. Nh3 Na5 16. b3 Qd8 17. g5 Qb6 18. Rb1 Rc3 19. b4 Nc4 20. Rc1 Rxa3 21. Bxc4 dxc4 22. 0-0 Qxb4 23. Rb1 Rb3 24. Rxb3 cxb3 25. f4 Nd5 26. Qc1 Kd7 27. f5 Qc3 28. fxe6+ fxe6 29. Rf7+ Be7 30. Qxc3 Nxc3 31. Bc1 Ne2+ 32. Kg2 Nxc1 33. d5 exd5 34. Rf2 Nd3 35. e6+ Kd6 36. gxh6 Nxf2 37. hxg7 Rg8 0-1

[Event "GER-ch U25-B"]
[Site "Willingen"]
[Date "2023.05.28"]
[Round "1"]
[White "Kutz, Paul Matti"]
[Black "Mueller, Sophie Charlotte"]
[Result "0-1"]
[WhiteElo "1537"]
[BlackElo "1442"]
[PlyCount "116"]
[EventDate "2023.05.27"]
[EventType "swiss"]
[EventRounds "9"]
[EventCountry "GER"]
[SourceTitle "CBM 214 Extra"]
[Source "ChessBase"]
[SourceDate "2023.07.31"]
[SourceVersion "1"]
[SourceVersionDate "2023.07.31"]
[SourceQuality "1"]

1. e4 d6 2. d4 Nf6 3. Nc3 g6 4. Nf3 Bg7 5. Bc4 0-0 6. Be3 Bg4 7. Qd2 Bxf3 8. gxf3 Nc6 9. h4 h5 10. Bh6 e5 11. Rg1 Nxd4 12. 0-0-0 Nxf3 13. Qe3 Nxg1 14. Rxg1 Ng4 15. Qg5 Bxh6 16. Rxg4 Bxg5+ 17. Rxg5 Kg7 18. Be2 Kh6 19. Nd5 c6 20. Ne3 b5 21. Bxh5 Qxg5 22. hxg5+ Kxg5 23. Be2 f5 24. Nf1 f4 25. Nh2 Rh8 26. Nf3+ Kf6 27. Kd2 g5 28. Ne1 Rag8 29. f3 a6 30. Nd3 Rh2 31. Ke1 Rh7 32. Nf2 Ra8 33. Ng4+ Ke6 34. Bd3 c5 35. b3 Rc8 36. c4 b4 37. Bf1 a5 38. Nf2 Rch8 39. Ke2 Rh2 40. Ke1 Ke7 41. Ke2 R8h7 42. Ke1 R7h4 43. Be2 Rg2 44. Bf1 Rg1 45. Ke2 Rh2 46. Ke1 Rg3 47. Ke2 g4 48. Ke1 Rxf3 49. Nxg4 Rh1 50. Nf2 Re3+ 51. Kd2 Rxf1 52. Nd1 Ree1 53. Nb2 f3 54. a3 Re2+ 55. Kd3 Rxb2 56. axb4 axb4 57. Ke3 Re2+ 58. Kd3 Rd1# 0-1

[Event "GER-ch U10"]
[Site "Willingen"]
[Date "2022.06.10"]
[Round "10"]
[White "Thoms, Eric"]
[Black "Kutz, Paul Matti"]
[Result "1/2-1/2"]
[WhiteElo "1219"]
[BlackElo "1202"]
[PlyCount "81"]
[EventDate "2022.06.04"]
[EventType "swiss"]
[EventRounds "11"]
[EventCountry "GER"]
[SourceTitle "CBM 208 Extra"]
[Source "ChessBase"]
[SourceDate "2022.07.31"]
[SourceVersion "1"]
[SourceVersionDate "2022.07.31"]
[SourceQuality "1"]

1. e4 e6 2. d4 d5 3. Nc3 Bb4 4. exd5 exd5 5. Bd3 Nf6 6. Nge2 c5 7. dxc5 d4 8. a3 Bxc5 9. Ne4 Bb6 10. 0-0 Nc6 11. Bg5 Be6 12. N2g3 Qe7 13. Re1 h6 14. Bd2 0-0 15. Nxf6+ Qxf6 16. Ne4 Qe7 17. Qh5 Bd8 18. Nc5 Qh4 19. Qxh4 Bxh4 20. g3 Bf6 21. Nxe6 fxe6 22. Rxe6 Rfe8 23. Rae1 Rxe6 24. Rxe6 Ne5 25. Bf4 Kf7 26. Rd6 Ke7 27. Bxe5 Bxe5 28. Rd5 Bf6 29. Bf5 Rd8 30. Rxd8 Kxd8 31. b3 Ke7 32. Kf1 Kd6 33. f3 b6 34. h4 Ke5 35. Be4 Be7 36. a4 g5 37. hxg5 hxg5 38. g4 Kf4 39. Ke2 Bb4 40. Kd3 Bc3 41. Bc6 1/2-1/2

[Event "GER-ch U10"]
[Site "Willingen"]
[Date "2022.06.07"]
[Round "5"]
[White "Kutz, Paul Matti"]
[Black "Zimmer, Tim"]
[Result "0-1"]
[WhiteElo "1202"]
[BlackElo "1164"]
[PlyCount "64"]
[EventDate "2022.06.04"]
[EventType "swiss"]
[EventRounds "11"]
[EventCountry "GER"]
[SourceTitle "CBM 208 Extra"]
[Source "ChessBase"]
[SourceDate "2022.07.31"]
[SourceVersion "1"]
[SourceVersionDate "2022.07.31"]
[SourceQuality "1"]

1. e4 e5 2. Nf3 Nc6 3. Bb5 Bc5 4. c3 Bb6 5. d4 Nf6 6. Bg5 0-0 7. dxe5 Bxf2+ 8. Kf1 Nxe5 9. Nxe5 Re8 10. Nf3 c6 11. Bd3 Qb6 12. Bxf6 gxf6 13. Qc2 Bc5 14. Na3 d5 15. exd5 cxd5 16. Bxh7+ Kg7 17. h4 Bg4 18. h5 Re3 19. h6+ Kh8 20. Re1 Rae8 21. Rxe3 Rxe3 22. Qa4 Bxf3 23. gxf3 Qxb2 24. Qc2 Rxf3+ 25. Ke1 Qxa3 26. Qg2 Qc1+ 27. Ke2 Re3+ 28. Kf2 Qd2+ 29. Kg1 Re2+ 30. Kh2 Rxg2+ 31. Kh3 Qf2 32. Rg1 Qg3# 0-1

[Event "GER-ch U10"]
[Site "Willingen"]
[Date "2022.06.06"]
[Round "4"]
[White "Fadeev, Justin Michael"]
[Black "Kutz, Paul Matti"]
[Result "0-1"]
[WhiteElo "1320"]
[BlackElo "1202"]
[PlyCount "104"]
[EventDate "2022.06.04"]
[EventType "swiss"]
[EventRounds "11"]
[EventCountry "GER"]
[SourceTitle "CBM 208 Extra"]
[Source "ChessBase"]
[SourceDate "2022.07.31"]
[SourceVersion "1"]
[SourceVersionDate "2022.07.31"]
[SourceQuality "1"]

1. e4 e6 2. d4 d5 3. Nd2 a6 4. Ngf3 c5 5. exd5 exd5 6. Be2 Nc6 7. 0-0 cxd4 8. Nb3 Bd6 9. Re1 Nge7 10. Nbxd4 0-0 11. Bg5 Bg4 12. Bh4 Qb6 13. Nb3 Bxf3 14. Bxf3 Ng6 15. Bg3 Rfd8 16. Bxd6 Rxd6 17. Bxd5 Rad8 18. c4 Qc7 19. Qe2 h6 20. Bxc6 Qxc6 21. g3 Nh4 22. Qe4 Qxe4 23. Rxe4 Rd1+ 24. Re1 Nf3+ 25. Kf1 Nxe1 26. Rxd1 Rxd1 27. Ke2 Rb1 28. c5 Nc2 29. Kd2 Rxb2 30. Kc3 Rxa2 31. Nc1 Ra3+ 32. Kxc2 Rf3 33. Nd3 Kf8 34. Kd2 Rxd3+ 35. Kxd3 Ke7 36. Kc4 Ke6 37. f4 a5 38. f5+ Ke5 39. h4 h5 40. Kb5 Kd5 41. f6 g6 42. Kxa5 Kxc5 43. Ka4 Kc4 44. Ka3 b5 45. Kb2 b4 46. Kc2 b3+ 47. Kb2 Kb4 48. Kb1 Kc3 49. Kc1 b2+ 50. Kb1 Kb3 51. g4 hxg4 52. h5 g3 0-1

[Event "GER-ch U10"]
[Site "Willingen"]
[Date "2020.10.31"]
[Round "7"]
[White "Ehrath, Hendrik"]
[Black "Kutz, Paul Matti"]
[Result "0-1"]
[WhiteElo "1193"]
[BlackElo "1242"]
[PlyCount "72"]
[EventDate "2020.10.26"]
[EventType "swiss"]
[EventRounds "7"]
[EventCountry "GER"]
[SourceTitle "CBM 199 Extra"]
[Source "ChessBase"]
[SourceDate "2021.01.31"]
[SourceVersion "1"]
[SourceVersionDate "2021.01.31"]
[SourceQuality "1"]

1. e4 e6 2. d4 d5 3. e5 c5 4. c3 Nc6 5. Nf3 Nge7 6. dxc5 Ng6 7. Bg5 Be7 8. Bxe7 Qxe7 9. Nd4 Ncxe5 10. b4 Qh4 11. g3 Qe4+ 12. Qe2 Qxh1 13. Nb5 0-0 14. f4 Nf3+ 15. Kd1 Nxh2 16. Nd2 e5 17. Nd6 Bg4 18. Qxg4 Nxg4 19. Kc2 Ne3+ 20. Kb2 Qh2 21. Kc1 d4 22. cxd4 exd4 23. N6c4 Nxc4 24. Bxc4 Rfe8 25. Kc2 Qxg3 26. Rf1 Re7 27. Kd1 Rae8 28. Nf3 Nxf4 29. a4 d3 30. b5 Qg2 31. Nd2 Re2 32. Bxf7+ Kxf7 33. Rxf4+ Kg8 34. Rf8+ Rxf8 35. Kc1 Rxd2 36. a5 Rf1# 0-1

[Event "GER-ch U10"]
[Site "Willingen"]
[Date "2020.10.30"]
[Round "5"]
[White "Goldkuhle, Collin"]
[Black "Kutz, Paul Matti"]
[Result "1-0"]
[WhiteElo "1418"]
[BlackElo "1242"]
[PlyCount "125"]
[EventDate "2020.10.26"]
[EventType "swiss"]
[EventRounds "7"]
[EventCountry "GER"]
[SourceTitle "CBM 199 Extra"]
[Source "ChessBase"]
[SourceDate "2021.01.31"]
[SourceVersion "1"]
[SourceVersionDate "2021.01.31"]
[SourceQuality "1"]

1. e4 e5 2. Nf3 Nc6 3. Bb5 a6 4. Ba4 b5 5. Bb3 Bb7 6. 0-0 Nf6 7. d4 Nxe4 8. Re1 Na5 9. Nxe5 Nxb3 10. axb3 Qh4 11. f3 Qf2+ 12. Kh1 Nf6 13. Ng4+ Qxe1+ 14. Qxe1+ Be7 15. Nxf6+ gxf6 16. Bf4 0-0-0 17. Qxe7 Rhe8 18. Qb4 Rg8 19. Nd2 Rde8 20. Qc5 Bc6 21. d5 d6 22. Qxc6 Kd8 23. Qa8+ Ke7 24. Re1+ Kd7 25. Rxe8 Rxe8 26. Qc6+ Kd8 27. Ne4 f5 28. Qa8+ Ke7 29. Bg5+ Kf8 30. Qxe8+ Kxe8 31. Nf6+ Kf8 32. Nxh7+ Kg7 33. Nf6 Kg6 34. h4 f4 35. Ne8 f5 36. Nxc7 Kh7 37. c4 bxc4 38. bxc4 a5 39. c5 a4 40. cxd6 a3 41. bxa3 Kg6 42. d7 Kh5 43. Bh6 Kg6 44. d8R Kh7 45. Rd7+ Kg6 46. h5+ Kxh6 47. Ne6 Kxh5 48. Nxf4+ Kg5 49. a4 Kxf4 50. a5 Kg3 51. a6 f4 52. Rg7+ Kf2 53. a7 Kf1 54. a8Q Kf2 55. Qa2+ Ke3 56. Re7+ Kd4 57. Qd2+ Kc5 58. Rc7+ Kd6 59. Qxf4+ Kxd5 60. Qe4+ Kd6 61. Rc6+ Kd7 62. Qe6+ Kd8 63. Rc8# 1-0

[Event "GER-chT School WK GS"]
[Site "Playchess.com INT"]
[Date "2020.06.18"]
[Round "7.2"]
[White "Khoi Bach, Nguyen"]
[Black "Kutz, Paul Matti"]
[Result "0-1"]
[WhiteElo "1663"]
[BlackElo "1863"]
[PlyCount "112"]
[EventDate "2020.06.11"]
[EventType "team-swiss (blitz)"]
[EventRounds "7"]
[EventCountry "GER"]
[SourceTitle "EXT 2021"]
[Source "ChessBase"]
[SourceDate "2020.10.23"]
[SourceVersion "1"]
[SourceVersionDate "2020.10.23"]
[SourceQuality "1"]
[WhiteTeam "Berlin Rotation"]
[BlackTeam "Lauerholz SHO"]
[WhiteTeamCountry "GER"]
[BlackTeamCountry "GER"]

1. e4 e5 2. Nf3 Nc6 3. Bc4 Nf6 4. Ng5 d5 5. exd5 Na5 6. Bb5+ c6 7. dxc6 bxc6 8. Qf3 Bg4 9. Bxc6+ Nxc6 10. Qxc6+ Bd7 11. Qc4 Be6 12. Qb5+ Bd7 13. Qxe5+ Be7 14. 0-0 Kf8 15. Nc3 g6 16. d4 Kg7 17. Re1 Re8 18. Nd5 Bd6 19. Ne6+ Rxe6 20. Nxf6 Bxe5 21. dxe5 Kh8 22. Bg5 Qa5 23. Re3 Rxe5 24. Nxd7 Rxg5 25. h3 Qd5 26. Rf3 Qxd7 27. Re1 Rd5 28. Kh2 Re8 29. Rxe8+ Qxe8 30. Ra3 Rd2 31. Rf3 Rxc2 32. Re3 Qb5 33. Rb3 Qe2 34. Rf3 Rxb2 35. a3 Ra2 36. Rxf7 Qxf2 37. Rxf2 Rxf2 38. Kg3 Ra2 39. Kg4 Rxa3 40. g3 Rb3 41. h4 a5 42. h5 a4 43. hxg6 hxg6 44. Kh4 a3 45. g4 a2 46. Kg5 a1Q 47. Kxg6 Qa6+ 48. Kf5 Qc4 49. g5 Rb5+ 50. Kg6 Qh4 51. Kf6 Kg8 52. Ke6 Qxg5 53. Kd6 Rb6+ 54. Kd7 Qa5 55. Ke7 Qa7+ 56. Ke8 Rb8# 0-1

[Event "GER-chT School WK GS"]
[Site "Playchess.com INT"]
[Date "2020.06.11"]
[Round "3.2"]
[White "Ezold, Johanna Sophie"]
[Black "Kutz, Paul Matti"]
[Result "0-1"]
[WhiteElo "1509"]
[BlackElo "1863"]
[PlyCount "48"]
[EventDate "2020.06.11"]
[EventType "team-swiss (blitz)"]
[EventRounds "7"]
[EventCountry "GER"]
[SourceTitle "EXT 2021"]
[Source "ChessBase"]
[SourceDate "2020.10.23"]
[SourceVersion "1"]
[SourceVersionDate "2020.10.23"]
[SourceQuality "1"]
[WhiteTeam "Leipzig Sachs"]
[BlackTeam "Lauerholz SHO"]
[WhiteTeamCountry "GER"]
[BlackTeamCountry "GER"]

1. e4 e5 2. Nf3 Nc6 3. Bc4 Nf6 4. d3 Bc5 5. Bg5 0-0 6. Nc3 h6 7. Bh4 Be7 8. Bxf6 Bxf6 9. Qe2 Bg5 10. h3 Bf4 11. 0-0 Nd4 12. Nxd4 exd4 13. Nd5 Bd6 14. e5 Be7 15. Rfe1 d6 16. Rad1 dxe5 17. Qxe5 Bc5 18. a3 Bd7 19. b4 Bd6 20. Qxd4 Re8 21. c3 c6 22. Ne3 Qe7 23. Nf5 Qxe1+ 24. Rxe1 Rxe1# 0-1

[Event "GER Pfingstopen U12"]
[Site "Playchess.com INT"]
[Date "2020.06.02"]
[Round "10"]
[White "Kutz, Paul Matti"]
[Black "Fischer, Lorenz"]
[Result "0-1"]
[WhiteElo "1620"]
[BlackElo "1620"]
[PlyCount "134"]
[EventDate "2020.06.02"]
[EventType "swiss (blitz)"]
[EventRounds "11"]
[EventCountry "GER"]
[SourceTitle "CBM 197 Extra"]
[Source "ChessBase"]
[SourceDate "2020.09.30"]
[SourceVersion "1"]
[SourceVersionDate "2020.09.30"]
[SourceQuality "1"]

1. e4 c5 2. Nf3 Nc6 3. Bb5 g6 4. Bxc6 bxc6 5. 0-0 Bg7 6. Re1 Nf6 7. Nc3 0-0 8. b3 d5 9. Bb2 d4 10. Na4 Qd6 11. e5 Qe6 12. exf6 Qxf6 13. Nxc5 Bg4 14. h3 Bxf3 15. Qxf3 Qf5 16. Qxf5 gxf5 17. Nd3 Rac8 18. Rxe7 c5 19. Rxa7 c4 20. bxc4 Rxc4 21. c3 dxc3 22. dxc3 Bxc3 23. Bxc3 Rxc3 24. Ne5 Re3 25. Nd7 Re7 26. Nxf8 Rxa7 27. Nxh7 Kxh7 28. g4 fxg4 29. hxg4 Kg6 30. f3 Kg5 31. Kg2 Kg6 32. Kg3 Ra3 33. Kf4 Ra4+ 34. Kg3 Ra3 35. Kg2 Kg5 36. Kf2 Kf4 37. Kg2 Rxf3 38. Rb1 Rg3+ 39. Kh2 Rxg4 40. Rb2 Kg5 41. Rb5+ f5 42. Kh3 Rh4+ 43. Kg3 Ra4 44. Rb2 Ra3+ 45. Kf2 Kg4 46. Rb4+ f4 47. Rb2 Rf3+ 48. Kg2 Rg3+ 49. Kf2 f3 50. Rb4+ Kh3 51. a4 Rg2+ 52. Kxf3 Rg3+ 53. Kf2 Rg2+ 54. Kf3 Rg3+ 55. Kf4 Rg4+ 56. Kf3 Rxb4 57. a5 Ra4 58. a6 Rxa6 59. Kf4 Re6 60. Kf3 Kh4 61. Kf4 Kh5 62. Kf3 Kg5 63. Kg3 Re3+ 64. Kf2 Kf4 65. Kg2 Rf3 66. Kg1 Kg3 67. Kh1 Rf1# 0-1

[Event "GER Pfingstopen U12"]
[Site "Playchess.com INT"]
[Date "2020.06.02"]
[Round "6"]
[White "Kutz, Paul Matti"]
[Black "Kieselbach, Jannik"]
[Result "0-1"]
[WhiteElo "1620"]
[BlackElo "1449"]
[PlyCount "128"]
[EventDate "2020.06.02"]
[EventType "swiss (blitz)"]
[EventRounds "11"]
[EventCountry "GER"]
[SourceTitle "CBM 197 Extra"]
[Source "ChessBase"]
[SourceDate "2020.09.30"]
[SourceVersion "1"]
[SourceVersionDate "2020.09.30"]
[SourceQuality "1"]

1. e4 e6 2. Nf3 d5 3. exd5 exd5 4. Nc3 Nf6 5. d4 Bd6 6. Bg5 0-0 7. Nxd5 Re8+ 8. Be2 Bb4+ 9. c3 Qxd5 10. cxb4 Qd6 11. 0-0 Qxb4 12. Re1 Qd6 13. Bb5 Bd7 14. Bxd7 Nbxd7 15. Bxf6 Nxf6 16. Rxe8+ Rxe8 17. Ne5 Nd7 18. Nxd7 Qxd7 19. Qb3 Qxd4 20. Qxb7 Qd2 21. h3 g6 22. Qxc7 Qxb2 23. Qc1 Re2 24. Qxb2 Rxb2 25. Kf1 f5 26. a4 Kf8 27. Rc1 Ra2 28. Rc8+ Ke7 29. Rh8 Rxa4 30. Rxh7+ Kf6 31. Rh8 a5 32. Rf8+ Kg7 33. Ra8 Ra1+ 34. Ke2 a4 35. Kd3 a3 36. Kc2 Ra2+ 37. Kb3 Rxf2 38. Rxa3 Rxg2 39. Kc4 Kf6 40. Kd4 Rd2+ 41. Ke3 Rh2 42. Kf4 g5+ 43. Kg3 Rc2 44. h4 f4+ 45. Kf3 Rh2 46. hxg5+ Kxg5 47. Ra4 Rh4 48. Ra5+ Kf6 49. Ra6+ Ke5 50. Ra5+ Kd6 51. Ra6+ Kc5 52. Ra4 Kd5 53. Re4 Rh3+ 54. Kxf4 Rh4+ 55. Kf5 Rxe4 56. Kg5 Re1 57. Kg6 Rf1 58. Kg5 Ke4 59. Kg4 Rg1+ 60. Kh5 Kf4 61. Kh6 Kf5 62. Kh7 Kf6 63. Kh8 Kf7 64. Kh7 Rh1# 0-1

[Event "GER Pfingstopen U12"]
[Site "Playchess.com INT"]
[Date "2020.06.02"]
[Round "1"]
[White "Schroeder, Jan Hendrik"]
[Black "Kutz, Paul Matti"]
[Result "1-0"]
[WhiteElo "1563"]
[BlackElo "1620"]
[PlyCount "71"]
[EventDate "2020.06.02"]
[EventType "swiss (blitz)"]
[EventRounds "11"]
[EventCountry "GER"]
[SourceTitle "CBM 197 Extra"]
[Source "ChessBase"]
[SourceDate "2020.09.30"]
[SourceVersion "1"]
[SourceVersionDate "2020.09.30"]
[SourceQuality "1"]

1. e4 e5 2. d4 Nc6 3. Nf3 exd4 4. Bc4 Nf6 5. e5 Ne4 6. Qe2 Nc5 7. c3 dxc3 8. Nxc3 Be7 9. 0-0 0-0 10. Bf4 Re8 11. Rac1 d6 12. exd6 Bxd6 13. Qd2 Bd7 14. Bxd6 cxd6 15. Qxd6 Ne4 16. Nxe4 Rxe4 17. Bxf7+ Kxf7 18. Qd5+ Re6 19. Rfe1 Qf6 20. Qxd7+ Re7 21. Qd5+ Re6 22. Ng5+ Kg6 23. Rxe6 Qxe6 24. Nxe6 Re8 25. Nf4+ Kf6 26. Nh5+ Kg6 27. Nf4+ Kf6 28. Qd6+ Kf7 29. h3 Rd8 30. Qe6+ Kf8 31. Re1 Nd4 32. Qe7+ Kg8 33. Qxd8+ Kf7 34. Qxd4 Kf8 35. Qd7 Kg8 36. Re8# 1-0